000
00335nam a2200145Ia 4500
008
230718s9999 xx 000 0 und d
041
_a
Eng.
082
_a
657.5
_b
LEA-A
100
_a
learning, media
245
0
_a
Additing Plactice Paces
260
_a
Pakistan
_b
Bpp learning
_c
2002
300
_a
270
650
_a
Law
999
_c
27280
_d
27280